[Event "Chigorin Memorial 30th"]
[Site "St Petersburg"]
[Date "2023.10.25"]
[Round "5"]
[White "Belyakov, Bogdan"]
[Black "Dudkina, Uliana"]
[Result "1-0"]
[WhiteElo "2418"]
[BlackElo "1916"]
[PlyCount "79"]
[EventDate "2023.10.21"]
[EventType "swiss"]
[EventRounds "9"]
[EventCountry "RUS"]
[SourceTitle "Mega2024 Update 01"]
[Source "Chessbase"]
[SourceDate "2023.11.12"]
[SourceVersion "1"]
[SourceVersionDate "2023.11.12"]
[SourceQuality "1"]

1. e4 c5 2. Nf3 e6 3. Nc3 a6 4. d4 cxd4 5. Nxd4 b5 6. f4 Bb7 7. a3 Qc7 8. Be3 b4 9. axb4 Bxb4 10. Bd3 Bxc3+ 11. bxc3 Qxc3+ 12. Kf2 Nf6 13. Qf3 h5 14. h3 d6 15. Nb3 Qc7 16. Na5 Nbd7 17. Rhb1 Bc6 18. Nxc6 Qxc6 19. Ra5 Nc5 20. Bxc5 dxc5 21. Rxa6 Qc8 22. Rxa8 Qxa8 23. e5 Nd5 24. c4 Qa2+ 25. Kg1 0-0 26. cxd5 c4 27. Be4 exd5 28. Bf5 g6 29. Qg3 Kh8 30. Qg5 gxf5 31. Qxh5+ Kg7 32. Qg5+ Kh7 33. Rb6 Qa7 34. Qxf5+ Kg8 35. Qg5+ Kh7 36. Qh6+ Kg8 37. Kh2 f6 38. exf6 Qf7 39. Rd6 c3 40. Rxd5 1-0

[Event "Chigorin Memorial 30th"]
[Site "St Petersburg"]
[Date "2023.10.22"]
[Round "2"]
[White "Dudkina, Uliana"]
[Black "Tikhonov, Viacheslav"]
[Result "1-0"]
[WhiteElo "1916"]
[BlackElo "2177"]
[PlyCount "123"]
[EventDate "2023.10.21"]
[EventType "swiss"]
[EventRounds "9"]
[EventCountry "RUS"]
[SourceTitle "Mega2024 Update 01"]
[Source "Chessbase"]
[SourceDate "2023.11.12"]
[SourceVersion "1"]
[SourceVersionDate "2023.11.12"]
[SourceQuality "1"]

1. d4 Nf6 2. c4 c5 3. d5 g6 4. Nc3 Bg7 5. Nf3 0-0 6. e4 d6 7. Nd2 e6 8. Be2 Na6 9. 0-0 Nc7 10. a4 Na6 11. Re1 Nb4 12. Nf1 exd5 13. cxd5 Re8 14. Ng3 a6 15. Bf4 h5 16. Bf3 c4 17. Qd2 Nd3 18. Reb1 Bg4 19. Bxg4 Nxg4 20. Be3 h4 21. Nge2 h3 22. gxh3 Nge5 23. Nd4 Nc5 24. Kg2 Ned3 25. b3 Qh4 26. Nf3 Qh8 27. e5 Nxe5 28. Nd4 Ned3 29. Nde2 cxb3 30. Ra3 Rac8 31. Raxb3 Nxb3 32. Qxd3 Nc5 33. Bxc5 Rxc5 34. Ne4 Rc7 35. Nxd6 Rd8 36. Rxb7 Rxb7 37. Nxb7 Rd7 38. Nc5 Rd6 39. Ne4 Rd8 40. d6 Qh4 41. N2g3 Qf4 42. Qxa6 f5 43. Qc4+ Kh8 44. Qc7 Qh4 45. Nc5 Be5 46. Nb7 Rg8 47. Nc5 Qd4 48. Nb7 Qd5+ 49. Kg1 f4 50. Nf1 Qe6 51. Nd8 Bxd6 52. Nf7+ Kg7 53. Nxd6+ Kh6 54. Nf7+ Kh5 55. Ne5 Kg5 56. Nf3+ Kh6 57. Qxf4+ g5 58. Qg3 Qc6 59. Ne3 Rg6 60. Nf5+ Kh7 61. Nxg5+ Rxg5 62. Qxg5 1-0

[Event "RUS-ch Blitz (Women)"]
[Site "Sochi"]
[Date "2023.10.14"]
[Round "6"]
[White "Obolentseva, Alexandra"]
[Black "Dudkina, Uliana"]
[Result "1-0"]
[WhiteElo "2323"]
[BlackElo "1916"]
[PlyCount "39"]
[EventDate "2023.10.14"]
[EventType "swiss (blitz)"]
[EventRounds "13"]
[EventCountry "RUS"]
[SourceTitle "Mega2024 Update 01"]
[Source "Chessbase"]
[SourceDate "2023.11.12"]
[SourceVersion "1"]
[SourceVersionDate "2023.11.12"]
[SourceQuality "1"]

1. d4 Nf6 2. c4 e6 3. Nc3 Bb4 4. a3 Bxc3+ 5. bxc3 c5 6. f3 d6 7. e4 Nc6 8. Ne2 0-0 9. Bg5 b6 10. Ng3 Ba6 11. f4 e5 12. fxe5 dxe5 13. d5 Na5 14. Nh5 Qc8 15. Nxf6+ gxf6 16. Bxf6 h6 17. Qh5 Kh7 18. Be2 Qe8 19. Qf5+ Kg8 20. Qg4+ 1-0

[Event "Chigorin Memorial 29th"]
[Site "St Petersburg"]
[Date "2022.10.29"]
[Round "8"]
[White "Bura, Oleg"]
[Black "Dudkina, Uliana"]
[Result "0-1"]
[WhiteElo "1809"]
[BlackElo "1593"]
[PlyCount "80"]
[EventDate "2022.10.22"]
[EventType "swiss"]
[EventRounds "9"]
[EventCountry "RUS"]
[SourceTitle "EXT 2024"]
[Source "ChessBase"]
[SourceDate "2023.10.10"]
[SourceVersion "1"]
[SourceVersionDate "2023.10.10"]
[SourceQuality "1"]

1. d4 Nf6 2. c4 e6 3. Nc3 Bb4 4. e3 0-0 5. Bd3 d5 6. Nge2 b6 7. cxd5 exd5 8. 0-0 Re8 9. Qc2 Bb7 10. Bd2 a6 11. Ng3 Nbd7 12. a3 Bd6 13. Rac1 g6 14. Nce2 Rc8 15. b4 c5 16. bxc5 bxc5 17. Qb1 Rb8 18. dxc5 Nxc5 19. Bb4 Bc8 20. Rxc5 Bxc5 21. Bxc5 Rxb1 22. Rxb1 Nd7 23. Bd4 f6 24. f4 Qa5 25. Nc3 Qxa3 26. Bc2 Qd6 27. Nxd5 Kf8 28. Nb6 Bb7 29. Ba4 Bc6 30. Rc1 Bxa4 31. Nxa4 Kf7 32. Nb2 Rb8 33. Nc4 Qc6 34. Ne4 Kg8 35. Ned6 Rb4 36. e4 Ra4 37. Be3 Nc5 38. Rb1 Nxe4 39. Rb8+ Kg7 40. Nxe4 Qxe4 0-1